000
00256 a2200109 4500
000
nam a22 7a 4500
005
20260109192344.0
100
_a
Aruldhas, G.
_9
863618
245
_a
Molecular Structure and Spectroscopy
260
_b
PHI
942
_c
TEXL
999
_c
1467475
_d
1467475